00592nam a22001697a 450000500170000001000590001702000320007603500170010803700190012524500870014426000410023127000800027230000290035249000160038170000150039770000100041220230717152127.0 aB-754703-726 CHEN 25.5.23 a9788181539915 (v.2)c340.00 aB-754703-726 bRainbow Books  aRainbow Children's Knowledge Factopedia / cCompiled & edited by Akankasha & Aryan aDelhi bRainbow Books c2022(repr.) aF-32, Street No.12, Parwana Road, Jagat Puri, New DelhibNew Delhi e110051 a128p.c25cm(Hb)bcol.ill a1-2(series) aAkankasha  aAryan